Inbetweeners Quiz - Statistics

General Stats
  • This quiz has been taken 263 times
  • The average score is 4 of 15
Answer Stats
Hint Answer % Correct
Burgers
72%
What ancient item does Simon have in his car? Tape deck
58%
Which singer is Simons ringtone? Leona Lewis
52%
What two foods did big John want at the prom? Lasagne
51%
What cars did Jays dad used to jack for the Mafia? Ferrari
46%
Who did Jay's Dad drink with? Lance Armstrong
44%
What items did Neil burn of Wills? Picnic Basket
34%
Jay's mate in the year above Chris Groves
31%
What fictional character does Will compare Neil too? Dr Dolittle
13%
Whos Nan is the school nurse? Warren
13%
Who did Mr Kennedy speak? The Man
7%
Whos party do the boys sneak into? Sadie Cunningham
6%
Where are the Krays held up? One of Jays dads warehouses
4%
Fold up chair
3%
What are deutsch girls known for? Filthy Hairy and they dont mind it if you wipe it on the curtain
1%
No matching quizzes found
Score Distribution
Percent of People with Each Score
Percentile by Number Answered
Your Score History
You have not taken this quiz